000 00939nam a22002417a 4500
005 20130506120711.0
008 090728t xxu||||| |||| 00| 0 pun d
010 _aPUN-7384 B-493759-763
020 _c120.00
_a8180870855
035 _aPN-6502 B-493759-763
037 _bDBAD / PUB/Chetna Prakshan
037 _bBPPD/Allied Pub
040 _adpl
_bPN
082 _a
100 _937323
_aਦਲਬੀਰ ਸਿੰਘ ਮਹਿਮੀ
245 _aਤਿੜਕ /
_cਦਲਬੀਰ ਸਿੰਘ ਮਹਿਮੀ
246 _aTirk
_b by Dalbir Singh Mehmi
260 _aAmritsar
_bPrerna Prakashan
_c2012
270 _a220, Green Park Colony
_bAmritsar
_k096460-24321
300 _a144ਪਂ;
_b21ਸੇਂਮੀ(ਸਜਿਲਦ)
942 _2ddc
_cPN
_h
_mਦਲਬੀ
999 _c70795
_d70795